El Ser y los filósofos
保存先:
| 第一著者: | |
|---|---|
| その他の著者: | |
| フォーマット: | 図書 |
| 言語: | スペイン語 |
| 出版事項: |
Pamplona
EUNSA
2005
|
| 版: | 5a. ed |
| シリーズ: | Filosófica
|
| 主題: | |
| タグ: |
タグ追加
タグなし, このレコードへの初めてのタグを付けませんか!
|
MARC
| LEADER | 00000cam a2200000 a 4500 | ||
|---|---|---|---|
| 001 | UCD7418 | ||
| 003 | CL-VaPUC | ||
| 005 | 20220805144626.0 | ||
| 008 | 170326e20050000sp |||||||||||||||||spa|d | ||
| 999 | |c 367453 |d 367451 | ||
| 020 | |a 9788431322830 | ||
| 040 | |c Pontificia Universidad Católica de Valparaíso | ||
| 082 | 0 | 4 | |a 110 |b GIL |2 21 |
| 100 | |a Gilson, Etienne |e texte et commentaire |9 349168 | ||
| 245 | 1 | 3 | |a El Ser y los filósofos |
| 250 | |a 5a. ed | ||
| 260 | |a Pamplona |b EUNSA |c 2005 | ||
| 300 | |a 302 p | ||
| 490 | 0 | |a Filosófica | |
| 583 | |a last modification |c 20170326 03:36:00 |k Rodrigo Vera | ||
| 650 | 0 | |a Ontología |9 256850 | |
| 650 | 0 | |a Metafísica |9 265649 | |
| 650 | 7 | |a SER |2 CL-VaPUC |9 320176 | |
| 650 | 0 | |a Cognición |9 270347 | |
| 650 | 0 | |a Teoría del conocimiento |9 255038 | |
| 650 | 0 | |a Existencialismo |9 265698 | |
| 700 | 1 | |a Fernández Burillo, Santiago |e traductor |9 864931 | |
| 942 | |c BK |2 ddc | ||
| 945 | |d 20170326 03:36:00 |a dcastane | ||
| 952 | |0 0 |1 0 |3 erb |4 0 |6 110_000000000000000_GIL_2005 |7 0 |8 A |9 482327 |a BIBEDU |b BIBEDU |i 5368049 |l 4 |m 1 |o 110 GIL 2005 |p 5368049 |r 2024-03-18 |s 2024-03-06 |w 2019-11-24 |y BK |z Catalogado en:20170326 |k FIL | ||